| 000 | 01643nam a2200433 i 4500 | ||
|---|---|---|---|
| 001 | 30042 | ||
| 003 | KOSZ 005 | ||
| 005 | 20221118120223.0 | ||
| 008 | 961010s1993 pl f |000 0 pol d | ||
| 040 |
_cKOSZ 005 _aKOSZ 005 _dKOSZ 005/HR |
||
| 041 | _apol | ||
| 046 | _k1993 | ||
| 080 | _a696.6 | ||
| 080 | _a628.1 | ||
| 080 | _a519.2 | ||
| 100 | 1 |
_aSzafik, Władysław _d(1952- ) _eAutor |
|
| 245 | 0 |
_aModelowanie poboru ciepłej wody w budynkach mieszkalnych wielorodzinnych przy użyciu teorii procesów stochastycznych / _cWładysław Szaflik. |
|
| 260 |
_aSzczecin : _bWydawnictwo Uczelniane PS, _c1993. |
||
| 300 |
_a156 s. : _brys., wykr. ; _c24 cm. |
||
| 336 |
_2rdacontent _aTekst _btxt |
||
| 337 |
_2rdamedia _aBez urządzenia pośredniczącego _bn |
||
| 338 |
_2rdacarrier _aWolumin _bnc |
||
| 380 | _aKsiążki | ||
| 388 | _a1901-2000 | ||
| 388 | _a1989-2000 | ||
| 490 | 1 |
_aPrace Naukowe Politechniki Szczecińskiej. Instytut Inżynierii Wodnej, _vnr 38 |
|
| 500 | _aSer. gł. : 0208-7154 ; nr 501. | ||
| 504 | _aBibliogr. s. 144-152. | ||
| 650 | 7 | _aBudownictwo wielorodzinne | |
| 650 | 7 | _aProcesy stochastyczne | |
| 650 | 7 | _aWoda ogrzewana | |
| 650 | 7 | _aZaopatrzenie w wodę | |
| 658 | _aArchitektura i budownictwo | ||
| 658 | _aInżynieria i technika | ||
| 710 |
_aWydawnictwo Uczelniane Politechniki Szczecińskiej _4pbl |
||
| 830 | 0 |
_aPrace Naukowe Politechniki Szczecińskiej. _pInstytut Inżynierii Wodnej _vnr 38 |
|
| 856 |
_uhttp://koha.tu.koszalin.pl/cgi-bin/koha/opac-detail.pl?biblionumber=30042 _yKatalog online BPK |
||
| 942 |
_cKS _2UKD |
||
| 999 |
_c30042 _d30042 |
||